Online Catalogue and eLibrary

Depopulating Bangladesh (Record no. 4543)

MARC details
000 -LEADER
fixed length control field 00429nam a2200181Ia 4500
005 - DATE AND TIME OF LATEST TRANSACTION
control field 20240607050615.0
008 - FIXED-LENGTH DATA ELEMENTS--GENERAL INFORMATION
fixed length control field 240331s9999 xx 000 0 und d
020 ## - INTERNATIONAL STANDARD BOOK NUMBER
ISBN 9844670454
082 ## - DDC Classification
Item Number - Author Mark AKH
Class No. 363
100 ## - MAIN ENTRY--PERSONAL NAME
Personal name AKhter,F
245 #0 - TITLE STATEMENT
Title Depopulating Bangladesh
250 ## - EDITION STATEMENT
Edition statement 3rd
260 ## - PUBLICATION, DISTRIBUTION, ETC.
Place of publication, distribution, etc. Dhaka
Name of publisher, distributor, etc. Narigrantha Prabartana
Date of publication, distribution, etc. 2005
300 ## - PHYSICAL DESCRIPTION
Extent (e.g. Volumes, Pages etc.) 254 p.,
650 ## - SUBJECT ADDED ENTRY--TOPICAL TERM
Topical term or geographic name entry element Depopulate
650 ## - SUBJECT ADDED ENTRY--TOPICAL TERM
Topical term or geographic name entry element Reproductive Rights
942 ## - Koha item type (Biblio)
Koha item type Books in Stacks (Lending)
Holdings
Lost status Damaged status Collection code Home library Current library Shelving location Date acquired Full call number Accession Number Item type
    Lending WERC Library WERC Library Social Science Cupboard 03/31/2024 363 AKH 6511 Books in Stacks (Lending)

© WERC Library